000 01809nam a22004457a 4500
003 CHAP
005 20220329143936.0
008 121005s2012 mx r 00010 spa d
010 _a104037
011 _a105009
035 _a115701
040 _cCHAP
090 _aTesis
100 1 _aAlatorre Morales, Gabriel
_93393
245 1 0 _aEvaluación de la campaña fitosanitaria contra la cochinilla rosada del hibisco Maconellicoccus hirsutus, green (Hemiptera: Pseudococcidae) en el Estado de Nayarit
_h[En línea]
_c/por Gabriel Alatorre Morales
260 _aChapingo, Méx. :
_bEl autor,
_c2012
500 _aPara ver el contenido del material haga clic en la liga
502 _aTesis (Ing. Agrónomo Especialista en Parasitología Agrícola) -- UACH. Departamento de Parasitología Agrícola
590 _aALEPH
_b10
_c20130110
_lUCH01
_h1547
590 _aBATCH-UPD
_b10
_c20130110
_lUCH01
_h0252
590 _aBATCH-UPD
_b10
_c20130110
_lUCH01
_h0326
590 _aBATCH-UPD
_b10
_c20130110
_lUCH01
_h0356
590 _aBATCH-UPD
_b10
_c20130110
_lUCH01
_h0357
590 _aBATCH-UPD
_b10
_c20130409
_lUCH01
_h2153
590 _aBATCH-UPD
_b10
_c20130913
_lUCH01
_h2123
590 _aBATCH-UPD
_b10
_c20140324
_lUCH01
_h1534
590 _aBATCH-UPD
_b10
_c20141002
_lUCH01
_h0855
590 _aBATCH
_b00
_c20181121
_lUCH01
_h0758
590 _aCONVERSION
_b10
_c20130109
_lUCH01
_h1357
650 1 4 _aControl de plagas.
_927595
650 1 4 _aHemípteros.
_953511
650 1 4 _aHibiscus.
_955140
650 1 4 _aPseudococcidae.
_992558
856 _3Finding aid
_uhttp://10.13.5.2/tesis/115701.pdf
_zTeclea aqui
856 _a1
_n0000162
901 _aBK
942 _cFOLL
949 _aTesis
_bBC
_cTES
_d33724002350223
_eTS1
_h54133
_i115701
_st
949 _aTesis
_bBC
_cTES
_d33724002350264
_eTS2
_fc.2
_h54134
_i115701
_st
999 _c104037
_d104037